[Event "FICGS class C 000040 email"]
[Site "FICGS email"]
[Date "2007.04.21"]
[Round "1"]
[White "Pons, Julien"]
[Black "Bellanger, Michel"]
[Result "0-1"]
[WhiteElo "1700"]
[BlackElo "1606"]
[PlyCount "30"]
[EventDate "2007.??.??"]
[EventType "tourn (corr)"]
[EventRounds "4"]
[SourceTitle "Corr 2022"]
[Source "ChessBase"]
[SourceDate "2021.10.24"]
[SourceVersion "1"]
[SourceVersionDate "2021.10.24"]
[SourceQuality "1"]

1. Nf3 Nf6 2. g3 b6 3. Bg2 Bb7 4. d3 e5 5. Bg5 Be7 6. Bxf6 Bxf6 7. Nbd2 0-0 8. 0-0 d5 9. e4 d4 10. Ne1 c5 11. f4 Nc6 12. Nef3 exf4 13. gxf4 Be7 14. Nc4 b5 15. Ncd2 Qd6 0-1

[Event "FICGS rapid B 000048 email"]
[Site "FICGS email"]
[Date "2007.04.18"]
[Round "1"]
[White "Bellanger, Michel"]
[Black "Pons, Julien"]
[Result "1-0"]
[WhiteElo "1606"]
[BlackElo "1700"]
[PlyCount "49"]
[EventDate "2007.??.??"]
[EventType "tourn (rapid)"]
[EventRounds "6"]
[SourceTitle "Corr 2022"]
[Source "ChessBase"]
[SourceDate "2021.10.24"]
[SourceVersion "1"]
[SourceVersionDate "2021.10.24"]
[SourceQuality "1"]

1. e4 c6 2. d4 d5 3. Nd2 dxe4 4. Nxe4 Bf5 5. Ng3 Bg6 6. h4 h6 7. Nf3 Nf6 8. Ne5 Bh7 9. Bc4 e6 10. Qe2 Nd5 11. Qf3 Qf6 12. Qb3 Nb6 13. a4 Qe7 14. Bd3 Bxd3 15. Nxd3 Qc7 16. a5 Nd5 17. c4 Nf6 18. Bf4 Qc8 19. 0-0 Be7 20. Rfe1 0-0 21. Nf5 Bd8 22. Nxh6+ gxh6 23. Bxh6 Re8 24. Ne5 Kh7 25. Nxf7 1-0

[Event "FICGS rapid B 000048 email"]
[Site "FICGS email"]
[Date "2007.04.18"]
[Round "1"]
[White "Pons, Julien"]
[Black "Gouldar, Frances"]
[Result "0-1"]
[WhiteElo "1700"]
[BlackElo "1493"]
[PlyCount "32"]
[EventDate "2007.??.??"]
[EventType "tourn (rapid)"]
[EventRounds "6"]
[SourceTitle "Corr 2022"]
[Source "ChessBase"]
[SourceDate "2021.10.24"]
[SourceVersion "1"]
[SourceVersionDate "2021.10.24"]
[SourceQuality "1"]

1. Nf3 Nf6 2. g3 d5 3. Bg2 Bf5 4. d3 Nc6 5. Nbd2 e5 6. 0-0 Bc5 7. c3 a5 8. Qb3 a4 9. Qxb7 Bd7 10. e4 Na5 11. Qxa8 Qxa8 12. b4 axb3 13. axb3 Ba7 14. exd5 Nb7 15. Ba3 Ng4 16. d4 exd4 0-1